000 00546cam a22002412 4500
001 0000019173
005 20151217152147.0
008 101018s xx 000 0 eng d
020 _a
040 _aKABU
_cKABU
100 1 _a
245 1 0 _aMoi University law journal, vol. 1, no. 2, March 2007 /
_c
250 _a
260 _aNairobi :
_bLawAfrica,
_c2007.
300 _a
500 _aPhotocopy (part).
505 8 _aPages.
650 0 _a
_z
700 1 _a
700 1 _a
908 _a101018
999 _c8856
_d8856